| 000 | 00878nam a22002897a 4500 | ||
|---|---|---|---|
| 003 | CHAP | ||
| 005 | 20220329135351.0 | ||
| 008 | 971013s1969 r 00010 d | ||
| 010 | _a35137 | ||
| 011 | _a36109 | ||
| 035 | _a40228 | ||
| 040 | _cCHAP | ||
| 090 | _aFolleto 3787 | ||
| 110 |
_aMéxico. Plan Nacional Porcícola _977084 |
||
| 245 |
_aPrograma de mejoramiento porcino _b: Guanajuato |
||
| 260 |
_a(s.l.) : _b(s.e.), _c1969 |
||
| 300 |
_a32 p. _b: ilus |
||
| 590 |
_aBATCH-UPD _b10 _c20130110 _lUCH01 _h2159 |
||
| 590 |
_aBATCH-UPD _b10 _c20130410 _lUCH01 _h1507 |
||
| 590 |
_aBATCH-UPD _b10 _c20130914 _lUCH01 _h1520 |
||
| 590 |
_aCONVERSION _b10 _c20130109 _lUCH01 _h1320 |
||
| 650 | 1 | 4 |
_aGanado porcino _xBajío. _945338 |
| 650 | 1 | 4 |
_aGanado porcino _xMejoramiento. _945382 |
| 901 | _aBK | ||
| 942 | _cFOLL | ||
| 949 |
_aFolleto 3787 _bBC _cFOLL _d-91892 _eTS1 _i40228 _mD _si |
||
| 999 |
_c35137 _d35137 |
||